|
|
|
|
| LEADER |
00000cam a2200000 a 4500 |
| 001 |
UCD5118 |
| 003 |
CL-VaPUC |
| 008 |
160807e19980000ck |||||||||||||||||spa|d |
| 020 |
|
|
|a 9582401419
|
| 082 |
0 |
4 |
|a Co863
|b VAL
|2 21
|
| 100 |
0 |
|
|a Vallejo, Fernando
|e author
|9 588853
|
| 245 |
1 |
3 |
|a La virgen de los sicarios
|
| 250 |
|
|
|a 2a. ed
|
| 300 |
|
|
|a 121 p
|
| 942 |
|
|
|c BK
|
| 945 |
|
|
|d 20160807 22:49:00
|a arojas
|
| 260 |
|
|
|a Bogotá
|b Alfaguara
|c 1998
|
| 650 |
|
0 |
|a Novelas colombianas
|9 266734
|
| 650 |
|
0 |
|a Literatura colombiana
|9 315578
|
| 650 |
|
7 |
|a ESCRITORES COLOMBIANOS
|2 CL-VaPUC
|9 493458
|
| 583 |
|
|
|a last modification
|c 20160807 22:49:00
|k Rodrigo Vera
|
| 999 |
|
|
|c 365877
|d 365875
|
| 952 |
|
|
|0 0
|1 0
|3 erb
|4 0
|6 CO_863_000000000000000_VAL_1998
|7 0
|8 A
|9 479848
|a BIBEDU
|b BIBEDU
|i 5336287
|o Co863 VAL 1998
|p 5336287
|r 2019-11-24
|w 2019-11-24
|y BK
|z Catalogado en:20160807
|k EPE
|